Statistics for U.S. States by Governor Quiz

Click here to take the quiz!

General Stats

  • This quiz has been taken 10,644 times
    (3,509 since last reset)
  • The average score is 14 of 20

Answer Stats

Governor State % Correct
Arnold Schwarzenegger | Ronald ReaganCalifornia
100%
George W. Bush | Ann RichardsTexas
98%
Sarah Palin | Frank MurkowskiAlaska
91%
Bill Clinton | Mike HuckabeeArkansas
91%
Jeb Bush | Rick ScottFlorida
88%
Thomas Jefferson | Tim KaineVirginia
86%
Eliot Spitzer | Nelson RockefellerNew York
85%
Jimmy Carter | Lester MaddoxGeorgia
82%
Mitt Romney | John HancockMassachusetts
79%
Chris Christie | Jon CorzineNew Jersey
78%
Jesse Ventura | Tim PawlentyMinnesota
67%
Huey Long | Bobby JindalLouisiana
64%
George Wallace | Kay IveyAlabama
61%
Rod Blagojevich | George RyanIllinois
60%
Scott Walker | Robert M. La FolletteWisconsin
54%
Bill Richardson | Gary JohnsonNew Mexico
46%
Howard Dean | Madeleine KuninVermont
43%
George Romney | Gretchen WhitmerMichigan
41%
Josiah Bartlett | John SununuNew Hampshire
37%
Jon Huntsman | Gary HerbertUtah
33%

Score Distribution

Percentile by Number Answered

Percent of People with Each Score

Your Score History

You have not taken this quiz since the last reset